Statistiques concernant Clique VITE

Cliquez ici pour prendre le quiz!

Statistiques générales

  • Ce quiz a été pris 161 fois
    (141 depuis la dernière actualisation)
  • Le résultat moyen est 6 sur 10

Statistiques - réponses

QuestionRéponse% Correct
La bonne réponse est 4..
95%
La bonne réponse est 2+1.
95%
Quelqu’un venant du 4ème étage monte 2 étages. Il descend ensuite 6 étages pour remonter de 3 étages. Où est-il rendu?Étage 3
77%
À la question 8, observe les majuscules. Que lis-tu?.
68%
Suis les règles du choix 3.Je suis la bonne réponse!
61%
La bonne réponse contient exactement 6 voyellesFtyhinmveyfzappkwiv
46%
lis les énoncés. mulTiplie le Résultat par 2 et sOustraIS-le par 1.u
42%
La bonne réponse est l’IMPOSTOR
41%
Additionne les réponses de la question 1,2 et 3 et soustrais ensuite le résultat avec les réponses de la question 4 et 5..
26%
La réponse est いち (en japonais).
26%

Distribution des résultats

Percentile par nombre de réponses

% des personnes avec chaque résultat

Votre développement - résultats

Vous n’avez pas pris ce quiz depuis la dernière actualisation